| 000 | 00481nam a2200181Ia 4500 | ||
|---|---|---|---|
| 001 | 3986 | ||
| 005 | 20260306145723.0 | ||
| 008 | 260306t2019||||xx |||||||||||||| ||spa|| | ||
| 041 | _aESP | ||
| 082 |
_a306.0985 _bD57 |
||
| 100 |
_aDenegri, Francesca _eAUT |
||
| 245 | 0 |
_aNi amar ni odiar con firmeza: _bcultura y emociones en el Perú posbélico (1885-1925) |
|
| 260 | _c2019 | ||
| 300 |
_a381 páginas : _c24 cm. |
||
| 650 | _aGEN | ||
| 654 | _aCHU | ||
| 942 |
_cLIB _dJUS _fJUS _2ddc _n |
||
| 999 |
_c3986 _d3986 |
||